私鉄の〇〇本線 - Statistics

General Stats
  • This quiz has been taken 521 times
    288 since last reset
  • The average score is 6 of 17
Answer Stats
Hint Answer % Correct
大手私鉄 名鉄名古屋本線
69%
大手私鉄 阪急京都本線
69%
大手私鉄 阪急神戸本線
69%
大手私鉄 阪急宝塚本線
65%
大手私鉄 東武東上本線
61%
大手私鉄 京阪京阪本線
54%
大手私鉄 南海南海本線
50%
大手私鉄 近鉄田原本線
42%
大手私鉄 相鉄相鉄本線
41%
大手私鉄 京阪石山坂本線
27%
中小私鉄 豊橋鉄道東田本線
20%
中小私鉄 秩父鉄道秩父本線
15%
中小私鉄 大井川鐵道大井川本線
8%
中小私鉄 京福電気鉄道嵐山本線
6%
中小私鉄 叡山電鉄叡山本線
5%
3セク 水島臨海鉄道水島本線
4%
路面電車 熊本市電上熊本線
1%
No matching quizzes found
Score Distribution
Percent of People with Each Score
Percentile by Number Answered
Your Score History
You have not taken this quiz since the last reset